000 00874nam a2200265 a 4500
001 20621
003 BD-RjUL
005 20211209000605.0
008 140301s1969 enka b 001 0 eng d
020 _a0198543654
035 _a(BD-RjUL)20683
040 _aBD-RjUL
_beng
_cBD-RjUL
_dBD-RjUL
041 _aeng
082 _a584.044
_218
082 _a584.044
_218
_bTOA
100 1 _aTomlinson, P. B.
_q(Philip Barry),
_d1932-
_963626
245 1 0 _aAnatomy of the monocotyledons.
_n3
_pCommelinales-Zingiberales. /
_cedited by C. R. Metcalfe ; by P. B. Tomlinson.
260 _aOxford :
_bClarendon Press,
_c1969.
300 _axx, 446 p :
_bill ;
_c25 cm.
504 _aIncludes bibliography and indexes.
650 0 _aMonocotyledons
_xAnatomy.
_963627
700 1 _aMetcalfe, C. R.
_q(Charles Russell)
_963628
740 0 1 _aAnatomy of the monocotyledons.
942 _2ddc
_cBK
999 _c20621
_d20621